Spoplatňovanie užívania vôd a vodohospodárskych služieb v Slovenskej republike
Voda, ako jedna z troch základných zložiek životného prostredia (vzduch, voda, pôda) je nevyhnutnou podmienkou existencie života na zemi, ale aj udržiavania a budúceho rozvoja každého odvetvia národného hospodárstva. Spoločnosť však na strategický význam vody popri riešení iných "naliehavejších" pro...
Uložené v:
| Hlavný autor: | |
|---|---|
| Médium: | Kapitola |
| Jazyk: | Slovak |
| Predmet: | |
| Tagy: |
Žiadne tagy, Buďte prvý, kto otaguje tento záznam!
|
MARC
| LEADER | 00000naa a2200000 4500 | ||
|---|---|---|---|
| 001 | 0307699 | ||
| 005 | 20250318103124.5 | ||
| 041 | 0 | |a slo | |
| 044 | |a SK | ||
| 245 | 1 | 0 | |a Spoplatňovanie užívania vôd a vodohospodárskych služieb v Slovenskej republike |c Alena Bujnová |
| 520 | |a Voda, ako jedna z troch základných zložiek životného prostredia (vzduch, voda, pôda) je nevyhnutnou podmienkou existencie života na zemi, ale aj udržiavania a budúceho rozvoja každého odvetvia národného hospodárstva. Spoločnosť však na strategický význam vody popri riešení iných "naliehavejších" problémov často, žiaľ, zabúda. | ||
| 610 | 2 | 0 | |a poplatky |
| 610 | 2 | 0 | |a voda |
| 610 | 2 | 0 | |a vodárenstvo |
| 610 | 2 | 0 | |a služby |
| 610 | 2 | 0 | |a Slovensko |
| 610 | 2 | 0 | |a prostredie životné |
| 100 | 1 | |a Bujnová, Alena | |